LEADER 01931nam0-22004691--450 001 990006563250403321 005 20220704104125.0 035 $a000656325 035 $aFED01000656325 035 $a(Aleph)000656325FED01 100 $a20010426g19779999km-y0itay50------ba 101 0 $aita 102 $aIT 105 $ay---n---001yy 200 1 $aCodice della normativa della Regione Puglia$fConsiglio regionale 210 $aMilano$cGiuffrè$d1977- 215 $av.$d19 cm 327 1 $a1.: Prima legislatura: 1970-1975 a cura di L. Barbiera, P. Giocoli Nacci$a2.: Seconda legislatura: 1975-1977 / a cura di L. Barbiera, P. Giocoli Nacci$a3.: Seconda legislatura: 1978-1980 / a cura di V. Starace ... [et al.]$a4.: Terza legislatura: 1980-1982 / a cura del Servizio Legislativo$a5.: Terza legislatura: 1983-1985; Quarta legislatura: 1985-1987 / a cura di E. Bini, E. Panunzio, C. Pasculli$a6.: Quarta legislatura : 1988-1990 / a cura di E. Bini, T. Ludwig, C. Pasculli$a7.: Quinta legislatura : 1990-1995 / a cura di E. Bini, C. Pasculli 676 $a348.4575$v21$zita 702 1$aBarbiera,$bLelio$f<1930- > 702 1$aPanunzio,$bEraldo 702 1$aBini,$bEmilia 702 1$aStarace,$bVincenzo 710 01$aPuglia$c.$bConsiglio regionale$0492358 801 0$aIT$bUNINA$gRICA$2UNIMARC 901 $aBK 912 $a990006563250403321 951 $a360$b24345-7719 952 $aXXX COD. 274 (3)$b7716$fFSPBC 952 $aXXX COD. 274 (1)$b7717$fFSPBC 952 $aXXX COD. 274 (2)$b7718$fFSPBC 952 $aXXX COD. 274 (4)$b24345$fFSPBC 952 $aXXX COD. 274 (5)$b7719$fFSPBC 952 $aVI Z 281 (4)$b4515$fDDA 952 $aVI Z 281 (5)$b820$fDDA 952 $aVI Z 281 (6)$b2171$fDDA 952 $aURB.LE A 162$b19428$fFARBC 959 $aFSPBC 959 $aDDA 959 $aFARBC 996 $aCodice della normativa della Regione Puglia$9324557 997 $aUNINA LEADER 01515nam0 22003493i 450 001 VAN0240485 005 20221118031016.355 017 70$2N$a9783030745905 100 $a20220215d2021 |0itac50 ba 101 $aeng 102 $aCH 105 $a|||| ||||| 200 1 $aHidden Geographies$feditor Marko Krevs 210 $aCham$cSpringer$d2021 215 $aIX, 528 p.$cill.$d24 cm 410 1$1001VAN0238181$12001 $aKey Challenges in Geography$1210 $aSingapore, Cham$cSpringer 620 $aCH$dCham$3VANL001889 676 $a711$cUrbanistica (Pianificazione territoriale)$v22 676 $a910.02$cGeografia fisica$v22 676 $a910$cGeografia generale$v22 676 $a330.9$cGeografia economica$v22 676 $a304.209$cEcologia umana. Storia, geografia, persone$v22 702 1$aKrevs$bMarko$3VANV197036 712 $aSpringer$3VANV108073$4650 801 $aIT$bSOL$c20221125$gRICA 856 4 $uhttps://link.springer.com/openurl?genre=book&isbn=978-3-030-74590-5$zE-book - Accesso al full-text attraverso riconoscimento IP di Ateneo, proxy e/o Shibboleth 899 $aBIBLIOTECA DEL DIPARTIMENTO DI SCIENZE E TECNOLOGIE AMBIENTALI BIOLOGICHE E FARMACEUTICHE$1IT-CE0101$2VAN17 912 $fN 912 $aVAN0240485 950 $aBIBLIOTECA DEL DIPARTIMENTO DI SCIENZE E TECNOLOGIE AMBIENTALI BIOLOGICHE E FARMACEUTICHE$d17CONS e-book 2224 $e17BIB2224/539 540 20220215 996 $aHidden Geographies$91961268 997 $aUNISOB